Religion en mesoamerica (Record no. 10579)

MARC details
000 -CABECERA
campo de control de longitud fija 00881nam a2200241 a 4500
001 - NÚMERO DE CONTROL
campo de control BRL_1771
005 - FECHA Y HORA DE LA ÚLTIMA TRANSACCIÓN
campo de control 20190320211348.0
008 - DATOS DE LONGITUD FIJA--INFORMACIÓN GENERAL
campo de control de longitud fija 290715s1972----mx-#######---#000-0#spa-#
041 ## - CÓDIGO DE LENGUA
Código de lengua del texto/banda sonora o título independiente spa
044 ## - CÓDIGO DEL PAÍS DE LA ENTIDAD EDITORA/PRODUCTORA
Código MARC del país mx
050 #4 - SIGNATURA TOPOGRÁFICA DE LA BIBLIOTECA DEL CONGRESO
Número de clasificación F1434.2.R3
Número de documento/Ítem .S63 1972
110 2# - ENTRADA PRINCIPAL--NOMBRE DE ENTIDAD CORPORATIVA
Nombre de entidad corporativa o nombre de jurisdicción como elemento de entrada Sociedad Mexicana de Antropología
9 (RLIN) 27834
245 10 - MENCIÓN DE TÍTULO
Título Religion en mesoamerica
Resto del título XII Mesa Redonda
260 ## - PUBLICACIÓN, DISTRIBUCIÓN, ETC.
Lugar de publicación, distribución, etc. Cholula, Puebla
Nombre del editor, distribuidor, etc. Sociedad Mexicana de Antropología
Fecha de publicación, distribución, etc. 1972
300 ## - DESCRIPCIÓN FÍSICA
Extensión 59 p.
Dimensiones 21 cm.
500 ## - NOTA GENERAL
Nota general Au1976
500 ## - NOTA GENERAL
Nota general Texto en: español e inglés.
500 ## - NOTA GENERAL
Nota general XII Reunion de Mesa Redonda de la Sociedad Mexicana Antropologia que se llevo a cabo en la universidad de las Americas en Cholula, Puebla, del 11 al 17 de julio de 1972.
650 14 - PUNTO DE ACCESO ADICIONAL DE MATERIA--TÉRMINO DE MATERIA
Término de materia o nombre geográfico como elemento de entrada Indígenas de México
Subdivisión de forma Congresos
Subdivisión general Religión
9 (RLIN) 23799
651 #4 - PUNTO DE ACCESO ADICIONAL DE MATERIA--NOMBRE GEOGRÁFICO
Nombre geográfico América Central
Subdivisión de forma Congresos
Subdivisión general Religion
9 (RLIN) 27835
902 ## - CATALOGADOR
Iniciales GRL
942 ## - ELEMENTOS DE PUNTO DE ACCESO ADICIONAL (KOHA)
Fuente del sistema de clasificación o colocación Library of Congress Classification
Tipo de ítem Koha Libros
Holdings
Estado de retiro Estado de pérdida Estado dañado No para préstamo Localización permanente Ubicación/localización actual Fecha de adquisición Número de inventario Total de préstamos Signatura topográfica completa Código de barras Fecha visto por última vez Precio válido a partir de Tipo de ítem Koha
El ejemplar forma parte de la colección y puede ser consultado según las políticas vigentes.       Biblioteca Centro de Estudios Ruth D. Lechuga Biblioteca Centro de Estudios Ruth D. Lechuga 29/07/2015 Au1976   F1434.2.R3 .S63 1972 (Au1976) GRL01937 22/03/2019 22/03/2019 Libros